Sabios de Sión (Record no. 123037)

MARC details
000 -LEADER
campo de control de longitud fija 00647nam a2200217 i 4500
001 - NÚMERO DE CONTROL
campo de control 123037
003 - IDENTIFICADOR DE NÚMERO DE CONTROL
campo de control ES-MaACL
005 - FECHA Y HORA DE LA ÚLTIMA TRANSACCIÓN
campo de control 20250817210350.0
007 - CAMPO FIJO DE DESCRIPCIÓN FÍSICA--INFORMACIÓN GENERAL
campo de control de longitud fija t|
008 - DATOS DE LONGITUD FIJA--INFORMACIÓN GENERAL
campo de control de longitud fija 070214s1963 sp |||| | spa d
080 ## - NÚMERO DE LA CLASIFICACIÓN DECIMAL UNIVERSAL
Número de la Clasificación Decimal Universal 296:32
130 0# - ENTRADA PRINCIPAL--TÍTULO UNIFORME
Título uniforme Protokoly sionski mudretso.
Lenguaje de la obra Español.
9 (RLIN) 152640
245 10 - MENCIÓN DEL TÍTULO
Título Sabios de Sión
Resto del título : protocolos /
Mención de responsabilidad, etc. prólogo de Monseñor Jouin.
260 ## - PUBLICACIÓN, DISTRIBUCIÓN, ETC.
Lugar de publicación, distribución, etc. Madrid :
Nombre del editor, distribuidor, etc. Nos,
Fecha de publicación, distribución, etc. 1963.
300 ## - DESCRIPCIÓN FÍSICA
Extensión 448 p ;
Dimensiones 25 cm.
650 #4 - PUNTO DE ACCESO ADICIONAL DE MATERIA--TÉRMINO DE MATERIA
Término de materia o nombre geográfico como elemento de entrada Judaismo y política.
9 (RLIN) 152641
700 1# - ENTRADA AGREGADA--NOMBRE PERSONAL
Nombre de persona Jouin, Ernest,
Fechas asociadas al nombre 1844-1932
9 (RLIN) 152642
740 02 - ENTRADA AGREGADA--TÍTULO RELACIONADO/ANALÍTICO NO CONTROLADO
Título relacionado o analítico no controlado Protocolos de los Sabios de Sión.
852 ## - LOCALIZACIÓN
Ubicación ES-MaACL
Número de control de estantería C-23803
Holdings
Estatus retirado Estado de pérdida Estado de daño No para préstamo Biblioteca de origen Biblioteca actual Ubicación en estantería Fecha de adquisición Fuente de adquisición Total de préstamos Signatura topográfica completa Código de barras Visto por última vez Precio de reemplazo Tipo de ítem Koha
        Biblioteca del Ateneo de Madrid Biblioteca del Ateneo de Madrid Depósito 2 17/01/2008     C-23803 1128208 23/02/2023 23/02/2023 Libro impreso